[Event "FIDE World Cup"]
[Site "Khanty-Mansiysk"]
[Date "2005.11.27"]
[Round "1.1"]
[White "Milov, Vadim"]
[Black "Pantsulaia, Levan"]
[Result "0-1"]
[WhiteElo "2652"]
[BlackElo "2578"]
[Annotator "Gavrikov,V"]
[PlyCount "86"]
[EventDate "2005.11.27"]
[EventType "k.o."]
[EventRounds "7"]
[EventCountry "RUS"]
[SourceTitle "CBM 111"]
[Source "ChessBase"]
[SourceDate "2006.04.04"]
[SourceVersion "1"]
[SourceVersionDate "2006.04.04"]
[SourceQuality "1"]

1. d4 Nf6 2. c4 e6 3. Nc3 Bb4 4. f3 d5 5. a3 Bxc3+ 6. bxc3 c5 7. cxd5 Nxd5 8.
dxc5 f5 ({It seems that simpler is} 8... Qa5 {although the text is quite
playable too.}) 9. Qc2 {The most popular continuation which prepares the
advance e2-e4.} ({Another idea is to exchange the knight on d5 by} 9. Nh3 O-O
10. Nf4 {for example:} Na6 $5 (10... Nc6 $143 11. Nxd5 exd5 12. Bf4 Be6 {
1-0 Arencibia,W-Del Rio Angelis,S/Santa Clara 2000/CBM 078 (50)} 13. Bd6 Rf7
14. e3 $14) 11. Nxd5 exd5 12. Qd4 Qa5 13. Bf4 (13. Qxd5+ Kh8 14. Bd2 Rd8 15.
Qc4 Nxc5 16. Qb4 Qc7 $44) 13... Nxc5 14. Qb4 Qb6 $1 {with equal play, 1/2-1/2
Nyback,T-Beliavsky,A/Gothenburg 2005/CBM 109/28)}) 9... O-O 10. e4 fxe4 11.
fxe4 Nf4 ({White maintains some initiative in the endgame after} 11... Qh4+ 12.
g3 Qf6 13. Bg2 Qxc3+ 14. Qxc3 Nxc3 15. Bf4) 12. Be3 {A rare move.} ({Earlier
Milov has tried} 12. Nf3 Nd7 13. Be3 Qc7 14. Bc4 Nxc5 15. O-O Bd7 16. e5 (16.
Rae1 $142 {1/2-1/2 Timman,J-Karpov,A/Reykjavik 1991/CBM 026 (22)} a6 $5 $13 {
/\ Bb5}) 16... Ba4 17. Qb1 h6 18. Qb4 Rac8 $132 {/\ a5 0-1 Milov,V-Greenfeld,A/
Israel 1992/TD (48)' but perhaps was not satisfied with opening results.})
12... Qc7 ({Probably better is} 12... Nd7 $5 13. Qd2 Qa5 $5 $146 ({wrong is} 
13... Qf6 $2 14. Nf3 Ne5 15. Nxe5 Qxe5 16. Qd4 Qh5 {1/2-1/2 Sakaev,K-Savon,V/
St Petersburg 1996/CBM 052 (28)} 17. Bxf4 Rxf4 18. Be2 $16) 14. Qd4 (14. Bxf4
$2 Rxf4) 14... e5 15. Qb4 Qc7 16. Nf3 Kh8 $5 17. Rd1 a5 18. Qc4 (18. Qb5 Ra6 $5
) 18... Nf6 {and Black has sufficient counterplay.}) 13. Qd2 {White tries to
keep the pawn on c5 and drive away the knight from f4 but loses time.} Nd7 14.
Qd6 Qa5 15. Rc1 e5 16. Nf3 (16. c6 $143 bxc6 17. Qxc6 Rb8 $44) 16... Rf6 17.
Qe7 ({Bad is} 17. Qd2 $2 Nxc5 18. Nxe5 Be6 $1 {threatening Nb3.}) 17... Qa4 $1
{[%cal Ga4e4]} 18. Nd2 $5 ({To the drawn ending leads} 18. Nxe5 Qxe4 19. Bc4+
Nd5 20. Bxd5+ Qxd5 21. Nxd7 (21. Nf3 Qc4 $5 $44) 21... Bxd7 22. Rd1 Qxg2 23.
Rg1 Qxg1+ 24. Bxg1 Re6+ 25. Qxe6+ Bxe6) 18... Rf7 ({Deserves attention} 18...
Kh8 $5) 19. Qd8+ ({Of course not} 19. Bc4 $4 Nd3+ 20. Ke2 Nxc1+ 21. Ke1 (21.
Rxc1 Qxc4+) 21... Nd3+ 22. Ke2 Nf4+ 23. Bxf4 Qxc4+) 19... Rf8 20. Qc7 ({After} 
20. Bc4+ $6 Kh8 21. Qg5 h6 22. Qg3 {strong is} b5 $1 23. cxb6 Ba6 $1 24. Bxa6
Qxa6 25. Bxf4 exf4 26. Qf2 axb6 (26... Ne5 27. Qe2 Nd3+ 28. Kf1 axb6 29. Rd1)
27. Qe2 Qxa3 28. O-O Qc5+ {followed by Ra2}) 20... Kh8 {Preventing Bc4 with
check.} 21. g3 Ne6 $6 (21... Ng6 $142 $13) 22. Qd6 Nf6 23. Qd3 $2 {A serious
concession.} ({White fails to find} 23. c6 $1 {[%cal Gd6b4]} Nxe4 $140 (23...
bxc6 $6 24. Qb4) 24. Qb4 Qxb4 25. cxb4 Nxd2 26. Kxd2 bxc6 27. Bg2 Bd7 28. Bxc6
Rad8 29. Bxd7 Rxd7+ 30. Ke2 $14) 23... Ng4 24. Bg1 Qxa3 25. Rb1 Rd8 ({Better
looks} 25... Nf6 $1 26. Nc4 $140 Qa4 27. Rb4 Qc6 28. Nxe5 Qc7 29. Qd6 Qa5 $17)
26. Qc4 $6 (26. Nc4 $142 Qa2 (26... Rxd3 $6 27. Nxa3 Rxc3 28. Nb5 Rc2 29. Bd3)
27. Nd6 Rf8 28. Be2 Nf6 $13) 26... Ng5 {[%cal Gc8e6]} 27. Qb3 Qa5 28. Be2 $2 {
A blunder.} ({Correct was} 28. h4 $1) 28... Nh3 $6 ({Missing a blow} 28... Rxd2
$1 29. Bxg4 (29. Kxd2 Nxe4+ 30. Kc2 Bf5 $19) 29... Bxg4 30. Kxd2 Nxe4+ 31. Kc2
Bf5 {with decisive threats.}) 29. Nc4 Qc7 30. Nd6 Rf8 31. Qd5 $2 ({White has
no time for} 31. Nxc8 $2 {because of} Nxg1 $1 32. Bxg4 (32. Rxg1 Qxc5) 32...
Qxc5 33. Kd2 Qf2+ 34. Kc1 Raxc8 35. Bxc8 Ne2+ $19) ({but necessary was} 31.
Bxg4 Bxg4 32. Be3 Rf3 33. Kd2) 31... Nxg1 32. Rxg1 (32. Bxg4 Bxg4 33. Rxg1 Qa5
34. Qc4 Be6 $1 35. Qb4 (35. Qxe6 $2 Qxc3+ 36. Kd1 Qd3+ 37. Kc1 Qe3+ $19) 35...
Qd8 $36 {[%csl Rd6,Re1][%cal Gd8f6,Gf6g5,Gb7b6]}) 32... Be6 $1 33. Rxb7 $2 {
After this mistake White´s position is lost.} ({The only way to continue the
game was} 33. Qxe6 Qxc5 34. Kd2 Qe3+ 35. Kc2 Qxe2+ 36. Kb3 Ne3 37. Rb2 (37.
Nf7+ $2 Rxf7 38. Qxf7 Qb5+ 39. Ka2 Qa4+ 40. Kb2 Nc4+ 41. Kc1 Qa3+ $19) (37.
Rgc1 $2 Rf2 38. Nf7+ $140 Rxf7 39. Qxf7 Qb5+ 40. Ka2 Qa4+ $19) 37... Qa6 38.
Nf7+ Rxf7 39. Qxf7 Qb5+ 40. Ka2 Qa4+ 41. Kb1 Qxe4+ 42. Ka1) 33... Qa5 34. Qd2 (
34. Rb5 Qxc3+ 35. Qd2 Qa1+ 36. Qd1 Qa3 37. Qd2 Nxh2 $19) 34... Qxc5 35. Rf1
Rfd8 36. Bxg4 Rxd6 37. Qg5 {The last sortie of White´s queen.} ({More stubborn
was} 37. Bxe6 Rxd2 38. Kxd2) 37... Qxc3+ 38. Kf2 Rf8+ 39. Kg2 Qc2+ 40. Kg1 ({Or
} 40. Kh3 Bxg4+ 41. Kxg4 Qe2+ 42. Kh4 Qxh2+ 43. Kg4 h5+ $19) 40... Qc5+ 41. Kg2
Qc2+ 42. Kg1 Rxf1+ 43. Kxf1 Bc4+ (43... Bc4+ 44. Kg1 (44. Ke1 Qc3+ 45. Kf2 Rd2+
$19) 44... Rd1+ $1 45. Bxd1 Qxd1+ 46. Kf2 Qf1+ 47. Ke3 Qe2#) 0-1

[Event "GMA-qual f"]
[Site "Moscow"]
[Date "1990.??.??"]
[Round "10"]
[White "Gelfand, Boris"]
[Black "De Firmian, Nick E"]
[Result "1/2-1/2"]
[WhiteElo "2615"]
[BlackElo "2565"]
[Annotator "Gelfand,B"]
[PlyCount "45"]
[EventDate "1990.05.??"]
[EventType "swiss"]
[EventRounds "11"]
[EventCountry "URS"]
[SourceTitle "CBM 019"]
[Source "ChessBase"]
[SourceDate "1990.12.01"]
[SourceVersion "1"]
[SourceVersionDate "1990.12.01"]
[SourceQuality "1"]

1. d4 Nf6 2. c4 e6 3. Nc3 Bb4 4. f3 d5 5. a3 Bxc3+ 6. bxc3 c5 7. cxd5 Nxd5 8.
dxc5 Qa5 9. e4 Ne7 10. Be3 O-O 11. Qb3 Qc7 $5 (11... e5 12. Bc4 Qc7 13. Ne2 $1
(13. Bd5 Na6 14. Qc4 Bd7 15. Rb1 Rab8 16. Ne2 {0,5:0,5 Gelfand-Brunner,
Dortmund,1990}) 13... Nec6 14. Bd5 Na5 15. Qb2 Na6 16. c4 $1 $14 {Beliavsky,
A-Hjartarson,J/Moscow GMA-op/1990}) 12. a4 e5 (12... Nec6 13. f4 Na5 14. Qa3 b6
15. Nf3 Nd7 16. cxb6 axb6 17. Nd2 Bb7 {Azmaiparashvili-Sokolov,A Moscow,1990})
13. Bc4 Nec6 14. Qa3 Na5 15. Bd5 Na6 16. Rb1 (16. c4 $5 Be6 17. Rc1 Rac8 18.
Ne2 Nxc5 19. O-O $14 {/\ f4 Malaniuk-Georgiev,Ki Moscow 1990}) (16. Ne2 Be6 17.
Bxe6 fxe6 18. Qa2 Rfe8) 16... Be6 17. Bxe6 fxe6 18. Qa2 (18. Bf2 $2 Rad8 19.
Ne2 (19. Nh3 Nc4 20. Qa2 Nxc5 $15) 19... Rd2 $1 $17 (19... Nc4 $5 20. Qa2 Nxc5)
) 18... Nxc5 19. Bxc5 Qxc5 20. Qxe6+ Kh8 21. Ne2 Qe3 $1 (21... b6 22. Qd5 $14)
(21... Rad8 22. Rb5 Qe3 23. Rxa5 Rd2 24. Qc4 Rfd8 25. Rd5 R8xd5 26. exd5 h6 $10
) 22. Qxe5 Rad8 $3 (22... Nc6 23. Qg3 Rad8 24. Rxb7 $1 g6 $16) 23. Qxa5 {
23...Rd2 24.Qb5 Rc8 25.f4!([]15.Rd1 a6-+)Rcd8 26.Qc4? b5! 27.ab5 g6/\28...
R8d3-+ ;26.Qh5 Qe4 27.0-0=;24...Rfd8 25.f4 Qe4 26.0-0=;25.Qc4! a6 26.a5 h6 27.
Rf1 R8d3 (27...Kh7 28.e5) =} 1/2-1/2

[Event "IND-ch National Juniors"]
[Site "Ajmer"]
[Date "2012.09.08"]
[Round "8"]
[White "Grover, Sahaj"]
[Black "Narayanan, Srinath"]
[Result "1/2-1/2"]
[WhiteElo "2514"]
[BlackElo "2438"]
[Annotator "Grover,S"]
[PlyCount "103"]
[EventDate "2012.09.01"]
[EventType "swiss"]
[EventRounds "11"]
[EventCountry "IND"]
[SourceTitle "CBM 151"]
[Source "ChessBase"]
[SourceDate "2012.11.13"]
[SourceVersion "1"]
[SourceVersionDate "2012.11.13"]
[SourceQuality "1"]

{The 8th round of National Juniors Chess Championship, I did not play well
here probably because this was my 3rd tournament in a row.} 1. d4 Nf6 2. c4 e6
3. Nc3 Bb4 4. f3 {The Sämisch Variation in the Nimzo; I developed a liking for
these positions till I was hammered badly by Zhao Weiqi at Dubai earlier this
year.} d5 5. a3 Bxc3+ 6. bxc3 c5 {The main move, the other interesting
alternative for Black is} (6... O-O {although this is not the best move order
for Black} 7. cxd5 exd5 8. e3) 7. cxd5 Nxd5 (7... exd5 $5 8. e3 c4 $1 {and
according to my experience, White is in some trouble.}) 8. dxc5 Qa5 (8... f5)
9. e4 Ne7 (9... Nf6) 10. Be3 O-O 11. Qb3 Qc7 12. Bb5 Nec6 13. Ne2 Na5 14. Qb4
e5 15. O-O Na6 $5 {Avoiding the deadly Nd4, it came on the board anyway :)} (
15... Be6 16. Nd4 $1 {Anand-Wang Hao}) 16. Bxa6 bxa6 17. Qa4 $5 $146 (17. c4 $6
Be6 18. Rac1 Rfb8 $1 19. Qa4 Rb3) 17... Be6 (17... Rb8 18. c4 $5 Be6 19. Rab1
Nxc4 20. Bf2 {and I just figured I'd continue playing with the c5-pawn.}) 18.
Nd4 $1 {I have my doubts whether this is working, but for one game, this
looked like a killer, following the idea of Anand against Wang Hao. I believe
with the correct play, Black can hold on.} Bd7 {This move was not in my
preparation, it just didn't seem logical at that moment.} (18... Bc4 19. Rfb1
exd4 20. cxd4 Bb5 21. Qb4 Bd3 22. Rc1 Rab8 23. Qd2 Rb3 24. Rc3 Bc4 25. Rac1 {
and the 3 pawns look good!}) (18... exd4 {didn't seem to be the right option
for Black} 19. cxd4 Bb3 20. Qb4 Bc4 21. Rfb1 Bd3 22. Rc1 Rfb8 23. Qd2 Rb3 24.
Rc3 Bc4 25. d5 {was what I thought to be good for White during my preparation.}
) 19. Qc2 Qxc5 (19... exd4 20. cxd4) 20. Nf5 Qc4 21. f4 (21. Ne7+ {is another
option} Kh8 22. Rab1 Rfd8 23. Rfd1 Bb5 24. Rxd8+ Rxd8 25. Nd5 f5 {nothing is
clear.}) 21... Bxf5 22. exf5 Rac8 23. fxe5 Rfe8 24. Qf2 (24. e6 {This I missed}
fxe6 25. f6 gxf6 26. Rxf6 Qxc3 27. Qxc3 Rxc3 28. Bh6 Rcc8 29. Raf1 Nc6 30. Rf7
Kh8 31. Rd7 Re7 32. Rd6) 24... Nb3 25. Rae1 (25. f6 Nxa1 26. Qg3 g6 27. Qg5 Kh8
28. Qh6 Rg8) 25... Rxe5 26. f6 g6 27. Bxa7 Rh5 28. Qe3 h6 29. h3 {Here I
thought my positon remained preferable but could not find a clear plan. This
looks like a useful move.} Kh7 $2 (29... Rg5 {and its game on!}) 30. Rf4 (30.
Qe7 {of course should be played immediately} Rf5 (30... Kg8 31. Qd7 {is
curtains}) 31. Rxf5 gxf5 32. Rf1 {with some serious threats.}) 30... Qc6 31.
Qe7 Kg8 32. Rg4 Rg5 33. Rxg5 hxg5 34. Re3 ({Missing out on another chance} 34.
Rd1 Qxc3 35. Rd7 Qc1+ 36. Kh2 Qf4+ 37. Kh1 Rc1+ 38. Bg1 Rxg1+ 39. Kxg1 Qc1+ 40.
Kf2 Qf4+ 41. Ke1 Qc1+ 42. Rd1 {With mate to follow in a few moves.}) 34... Nc5
35. Bxc5 Qxc5 36. Qxc5 Rxc5 37. Re8+ Kh7 38. Rf8 Rc7 39. Kf2 $6 (39. Kh2 {
was the right way to continue.} g4 40. h4 g5 41. h5 Rxc3 42. Rxf7+ Kh6 43. Rg7
Rc8 44. Re7 Kxh5 45. f7 Rf8 46. Kg3 a5 47. a4 Kg6 48. Kxg4 Rc8 {Although here
I feel White is not winning anyway.}) 39... g4 40. h4 g5 41. h5 Rxc3 42. Rxf7+
{Now its a draw.} Kh6 43. Ra7 g3+ 44. Ke2 Rc2+ 45. Ke3 Rf2 46. Rxa6 Kxh5 47. f7
Rxf7 48. Rd6 Rf1 49. Rd3 g4 50. a4 Ra1 51. Rd8 Rxa4 52. Rg8 1/2-1/2

[Event "RUS-ch"]
[Site "Elista"]
[Date "1994.??.??"]
[Round "4"]
[White "Yakovich, Yuri"]
[Black "Pushkov, Nikolai"]
[Result "1-0"]
[WhiteElo "2515"]
[BlackElo "2485"]
[Annotator "Kharitonov,A"]
[PlyCount "83"]
[EventDate "1994.09.??"]
[EventType "swiss"]
[EventRounds "11"]
[EventCountry "RUS"]
[SourceTitle "CBM 044"]
[Source "ChessBase"]
[SourceDate "1995.02.01"]
[SourceVersion "1"]
[SourceVersionDate "1995.02.01"]
[SourceQuality "1"]

1. d4 Nf6 2. c4 e6 3. Nc3 Bb4 4. f3 d5 5. a3 Bxc3+ 6. bxc3 c5 7. cxd5 Nxd5 8.
dxc5 Qa5 9. e4 Ne7 (9... Nf6 $5 10. Be3 O-O 11. Qb3 Nfd7 12. a4 Qc7 13. Qa3 b6
$5 14. a5 (14. cxb6 axb6 15. Ne2 Ba6 $146) 14... bxc5 15. Nh3 Ba6 16. Bxa6 Nxa6
$13 {Milov,V-Razuvaev,Y/Biel/1994/0,5/34/}) 10. Be3 O-O 11. Qb3 Na6 $5 $146 (
11... Qc7 12. a4 Nec6 13. f4 Na5 14. Qa3 b6 15. Nf3 Ba6 16. Bb5 (16. Nd2 Bxf1
$146) 16... Bxb5 17. axb5 Nc4 18. cxb6 Qb7 19. Qc1 axb6 20. Rxa8 Qxa8 $10 {
Milov,V-Soffer,R/Budapest/1993/0,5/45/}) 12. Rb1 (12. Bxa6 Qxa6 {/\ e5,Be6~/=})
(12. Bxa6 bxa6 $1 {/\Nc6,Rb8|^/}) 12... Nc6 (12... Nxc5 $2 13. Qb4 Qxb4 14.
cxb4 $16 {_|_}) 13. Bb5 $8 e5 14. Ne2 Be6 15. Qb2 (15. Bc4 Bxc4 $6 (15... Nxc5
$5 16. Bxc5 Qxc5 17. Bxe6 fxe6 18. Qxe6+ Kh8 19. Qd5 Qe3 20. Rxb7 (20. Qd2 Qc5
$13) 20... Rfd8 21. Qxc6 (21. Rd7 Rab8) 21... Rd2 22. Qc4 Rad8 23. Rb1 h6 $44)
16. Qxc4 Qc7 17. O-O Na5 18. Qb5 Rac8 19. Rfd1 Nxc5 20. Rd5 b6 21. Bxc5 bxc5
22. Rd7 Qc6 23. Rxa7 $16) 15... Rac8 16. O-O Ncb8 17. Bxa6 $8 Qxa6 $2 (17...
Nxa6 $5 18. Qxb7 Bc4 19. Rbe1 (19. Rb2 Rb8 $19) (19. Rfe1 $2 Bxe2 20. Rxe2 Rb8
$19) (19. Qb2 Nxc5 $44) 19... Nxc5 20. Qb4 Qb5 $44) 18. Ng3 Rc7 19. f4 $1 Nd7 (
19... exf4 $2 20. Bxf4 Rxc5 21. Qxb7 Qxb7 22. Rxb7 $16) 20. fxe5 $1 $16 (20. f5
$6 Bc4 21. Rfd1 Bd3 22. Rbc1 Nxc5 23. Bxc5 Rxc5 24. f6 g6 $1 25. Qd2 Bc4 26.
Qg5 Rc6 27. Nh5 Kh8 28. Qh6 Qb6+ $1 (28... Rg8 $4 29. Qg7+ Rxg7 30. fxg7+ Kg8
31. Rd8#) 29. Kh1 Rg8 30. Rb1 Qa5 31. Rxb7 Rcc8 $1 $13 (31... gxh5 $2 32. Rb8
$18)) 20... Nxc5 (20... Nxe5 21. Bd4 Nc4 22. Qf2 f6 23. e5 $1 f5 24. Ne4 $36)
21. Bd4 Bc4 22. Rf3 Qc6 23. Re3 b6 24. Qf2 Re8 25. Nf5 Re6 (25... Ne6 26. Qh4
$40) (25... Nxe4 26. Qh4 Nd2 27. Rbe1 $40) 26. Qh4 h6 27. Rbe1 $1 (27. Rg3 Rg6
28. Nxg7 (28. Rxg6 $2 fxg6 29. Ne7+ Rxe7 30. Qxe7 Qxe4 31. Rd1 Bd5 $19) 28...
Qxe4 29. Qxe4 Nxe4 30. Rxg6 fxg6 31. Ne8 Re7 32. Nd6 $14) 27... Kh7 28. Rg3 Rg6
29. Ne7 $18 Rxe7 30. Qxe7 Rxg3 31. hxg3 Nxe4 32. Qxa7 b5 (32... Qg6 33. Qxb6
$18) 33. Qb6 Qa8 34. e6 $1 Bxe6 35. Qxb5 Nxg3 36. Bxg7 $1 Nf5 (36... Kxg7 37.
Qe5+ $18) 37. Bd4 Qxa3 (37... Nh4 38. Qd3+ Bf5 39. Qg3 $18) 38. Qe5 Nxd4 39.
cxd4 Qa2 40. Re3 Qd2 41. Rg3 Bg4 42. Qf6 $1 (42. Rxg4 Qd1+) 1-0

[Event "EU-chT (Men) 12th"]
[Site "Batumi"]
[Date "1999.12.07"]
[Round "9.2"]
[White "Volkov, Sergey"]
[Black "Macieja, Bartlomiej"]
[Result "1-0"]
[WhiteElo "2575"]
[BlackElo "2542"]
[Annotator "Konikowski,J"]
[PlyCount "65"]
[EventDate "1999.11.06"]
[EventType "team-swiss"]
[EventRounds "9"]
[EventCountry "GEO"]
[SourceTitle "CBM 074"]
[Source "ChessBase"]
[SourceDate "2000.02.01"]
[SourceVersion "1"]
[SourceVersionDate "2000.02.01"]
[SourceQuality "1"]
[WhiteTeam "Russia"]
[BlackTeam "Poland"]
[WhiteTeamCountry "RUS"]
[BlackTeamCountry "POL"]

1. d4 Nf6 2. c4 e6 3. Nc3 Bb4 4. f3 d5 5. a3 Bxc3+ 6. bxc3 c5 7. cxd5 Nxd5 (
7... exd5 $5 8. e3 (8. dxc5 Qa5 $1) (8. Bg5 h6 9. Bh4 cxd4 10. Bxf6 Qxf6 11.
Qxd4 Qxd4 12. cxd4 Nc6 13. e3 Bf5 $11) 8... Nbd7 $11) 8. dxc5 Qa5 9. e4 Nf6 10.
Be3 (10. Qb3 Qxc5 (10... Nc6 11. Bb5 Bd7 12. Bxc6 Bxc6 13. Qb4 Qa6 14. Ne2 O-O
15. Bf4 $14 {Kataev,S-Tavadian,R/URS 1979/}) 11. Qb4 (11. Qb5+ Nbd7 12. Qxc5
Nxc5 13. Be3 (13. Bf4 Bd7 14. Bd6 Rc8 15. c4 Ba4 16. Nh3 Kd7 17. Be5 (17. e5
Ne8 18. Bxc5 Rxc5 19. f4 Bc6 $15) 17... Rhd8 18. Ke2 Ke7 19. Ke3 Ncxe4 20. fxe4
Ng4+ 21. Kf4 Nxe5 22. Kxe5 g5 23. Nxg5 f6+ 24. Kf4 e5+ 25. Ke3 fxg5 $15 {
Crouch,C-Kosten,A/Hastings 1994/}) 13... Nfd7 14. Ne2 Ke7 15. Nd4 g6 16. O-O-O
a6 17. Kc2 e5 18. Nb3 Ne6 19. Bc4 b6 20. Rd2 a5 21. a4 Bb7 22. Bb5 Bc8 23. Rhd1
$16 {Branicki,I-Makarczyk,K/Lodz 1954/}) 11... Qc7 12. a4 Nc6 13. Bb5 Nd7 14.
Qa3 Na5 15. Ne2 a6 16. Bxd7+ Bxd7 17. O-O Nc4 18. Qb4 a5 19. Qb3 O-O 20. Rb1 e5
21. f4 Ra6 22. Qxb7 Qxb7 23. Rxb7 Bxa4 24. fxe5 Bc2 25. e6 fxe6 26. Rxf8+ Kxf8
27. Rc7 Bb3 28. Nd4 a4 29. Kf2 Ba2 30. Nc2 Rb6 31. Nb4 Bb3 32. Be3 Rb8 33. Nc6
Ra8 34. Bc5+ Kg8 35. Nd4 {1/2-1/2 Erdogan,H-Kolev,A/Varna 1994/}) (10. Rb1 O-O
11. Rb5 Qxc3+ 12. Kf2 Qe5 13. Bb2 Qc7 14. Qd6 Ne8 15. Qxc7 Nxc7 16. Rb3 Nc6 17.
f4 f5 18. e5 Rd8 19. Nf3 Nd5 20. g3 Na5 21. Rd3 b6 22. cxb6 axb6 23. Nd4 Nb7
24. Bg2 Nc5 25. Rdd1 Bb7 26. Nb5 Rab8 27. Nd6 $14 {Milov,V-Magerramov,E/Berlin
1993/}) 10... O-O (10... Qxc3+ 11. Bd2 (11. Kf2 O-O 12. Ne2 Qa5 13. Qd2 Qxd2 (
13... Qc7 14. Nc3 {[%cal Yc3b5] /\14,Sb5}) 14. Bxd2 Nc6 15. Be3 Rd8 16. Nc3 Bd7
(16... Nd4 17. Rd1 e5 18. Nb5 $16) (16... e5 17. Be2 Be6 18. Rhd1 h6 19. Rab1
Rxd1 20. Nxd1 Rb8 21. Nc3 Nd7 22. Nb5 b6 23. cxb6 axb6 24. Nc7 Nd4 25. Bxd4
exd4 26. Rb4 Nc5 27. Rxd4 Rc8 28. Nxe6 Nxe6 29. Rc4 (29. Rd6 $5) 29... Ra8 30.
Rc3 $16 {Vladimirov,E-Sturua,Z/Daugavpils 1978/}) 17. Be2 Ne5 18. Rhd1 Bc6 19.
Nb5 Bxb5 20. Bxb5 h6 21. Bf4 Ned7 22. Bd6 {[%cal Yc5c6] /\23.c6} a6 23. Be2
Rac8 24. Rdc1 Rc6 25. a4 $1 {[%cal Ya1b1,Ya4a5] /\26.Tab1, a5} Rdc8 26. Rab1
Nxc5 27. Bxc5 Rxc5 28. Rxc5 Rxc5 29. Rxb7 Ra5 (29... a5 30. Ra7 {[%cal Ye2b5] /
\31.Lb5}) 30. Bd1 Kf8 31. Ke3 Ke8 32. Ra7 Nd7 33. Kd4 e5+ 34. Kc3 Rc5+ 35. Kb4
a5+ 36. Rxa5 Rc1 37. Rd5 $18 {Gligoric,S-Martin,P/Mar del Plata 1950/[Leach]})
11... Qe5 12. Ne2 $11) (10... Nfd7 11. Qd4 O-O 12. Qb4 Qc7 13. a4 Nc6 14. Qa3
Na5 15. Nh3 b6 16. cxb6 axb6 17. Qb4 Nc6 18. Qb2 Na5 19. Qb4 Nc6 {1/2-1/2
Zagorskis,D-Nilssen,J/Copenhagen 1998/}) 11. Kf2 (11. Qb3 e5 (11... Na6 12. a4
(12. Bxa6 Qxa6 13. Ne2 e5 14. c4 Be6 15. Qb5 Bxc4 16. Qxa6 Bxa6 17. Kf2 Rac8
18. Rhd1 Rfd8 19. Nc3 Kf8 20. a4 Rxd1 21. Rxd1 b6 22. Rd6 Ke8 23. a5 Nd7 24.
axb6 axb6 25. Nd5 Bb7 26. cxb6 $16 {Moskalenko,V-Shneider,A/Lvov 1985/}) 12...
Nd7 13. Bxa6 bxa6 14. Qb4 Qc7 15. Ne2 a5 16. Qd4 Bb7 17. Kf2 Rad8 18. Qd6 Qc8
19. Rhd1 Nf6 20. Qe5 Bxe4 21. Rd6 Bd5 22. Nf4 Qb8 23. Nxd5 Qb2+ 24. Kg3 exd5 (
24... Qxa1 25. Nxf6+ gxf6 26. Qxf6 $18) 25. Rxd8 Rxd8 26. Rd1 Qe2 27. Qd4 Re8
28. Bc1 Re6 29. h3 Nh5+ 30. Kh2 Rg6 31. Rg1 Nf6 32. c6 Qe7 33. Bf4 h6 34. c7
$18 {Nilssen,J-Hedman,E/Vejen 1993/}) (11... Nc6 12. Nh3 (12. Bb5 Qc7 13. Ne2
e5 14. Bxc6 (14. O-O Be6 15. Qa4 Na5 16. Rab1 a6 17. Bd3 Nd7 18. Qb4 $14 {
Muse,M-Chandler,M/BL8788 1988/}) 14... bxc6 15. O-O Rb8 16. Qa4 Rb2 17. Ng3 Qb7
18. Rad1 Be6 19. Rd6 Ne8 20. Rd8 $16 {Josephsen,N-Ochsner,T/DEN-chT9596 1996/})
(12. Ne2 e5 $5 13. Nc1 Be6 14. Bc4 Bxc4 15. Qxc4 Rfd8 16. Nb3 Qc7 17. Ke2 Rab8
18. Rhd1 h6 19. a4 Rxd1 20. Rxd1 Rd8 21. Rxd8+ Qxd8 22. Qb5 $16 {Gheorghiu,
F-Yanofsky,D/Winnipeg 1967/}) 12... e5 (12... Nd7 13. Bb5 a6 14. Bxc6 bxc6 15.
Qb4 Qc7 16. O-O a5 17. Qd4 Ba6 18. Rfd1 Rfd8 19. Qd6 $16 {Sakaev,K-Ivanov,A/
Thessaloniki 1996/}) 13. Bc4 Bxh3 14. gxh3 Nd4 15. Bxd4 exd4 16. Qb4 Qc7 17.
cxd4 Qf4 18. O-O Qe3+ 19. Rf2 Rad8 20. Rd1 Nh5 21. Qb3 $18 {Arne,M-Osbun,E/
California op 1990/}) (11... Qc7 12. Bb5 Nfd7 13. Bxd7 Nxd7 14. Qb4 a5 15. Qd4
Ra6 16. Ne2 e5 17. Qd5 Nf6 18. Qb3 Nd7 19. Kf2 Nxc5 20. Qb5 Rc6 21. Rab1 f5
$132 {Krizsany,L-Almasi,Z/HUN-chT 1993/}) 12. Bc4 Nc6 13. Ne2 Qc7 14. Bd5 Na5
15. Qb4 Be6 16. c4 Nc6 17. Qb2 Na5 18. Qb4 Nc6 19. Qb2 Na5 20. Qb4 {1/2-1/2
Csom,I-Farago,I/HUN-chT 1992/}) (11. Ne2 Na6 (11... Nc6 12. Kf2 Nd7 13. Nd4
Nxc5 14. Nxc6 bxc6 15. Qd6 Nb3 16. Ra2 Ba6 17. Rb2 Bxf1 18. Rxf1 Qxc3 19. Rfb1
Rfd8 20. Qb4 Qxb4 21. axb4 Nd4 22. Rc1 h6 23. Rd2 e5 24. Bxd4 Rxd4 25. Rxd4
exd4 26. Rxc6 a5 $11 {Santos,A-Boino,C/Almada 1998/}) 12. Kf2 Rd8 13. Qc2 Nxc5
14. Nd4 e5 15. Nb3 Nxb3 16. Qxb3 Be6 17. Qb4 Qc7 18. Be2 b6 19. Rhc1 Nd7 20. a4
a5 21. Qb5 Rdc8 22. Rab1 Rab8 23. Rd1 Kf8 24. Bc1 Qc5+ 25. Qxc5+ Nxc5 26. Ba3
f6 27. Rd6 Kf7 28. Rdxb6 Rxb6 29. Rxb6 Nxa4 30. Rb7+ Kg6 31. c4 Nc3 (31... Bxc4
32. Bxc4 Rxc4 33. Bf8 $11) 32. Bd3 Bxc4 33. Bxc4 Rxc4 34. Bf8 Rc8 35. Rxg7+ Kh6
36. Rf7+ $11 {Ionescu Ilie,V-Iosif,C/Bucharest 1991/}) 11... Nc6 12. Qb3 Qc7
13. Ne2 e5 14. Rb1 Na5 15. Qb4 Be6 16. Ng3 Rfc8 17. Bb5 Rab8 (17... a6 $5 18.
Be2 Nd7 19. c6 Nxc6 (19... bxc6 20. Rhd1 $14) 20. Qxb7 Qxb7 21. Rxb7 Na5 22.
Rb2 Rxc3 23. Rd1 Rxa3 24. Bxa6 Rxa6 25. Rxd7 h6 (25... Bxd7 $4 26. Rb8+ $18)
26. Rd8+ Kh7 27. Bc5 Ra1 28. Nf5 Nc4 29. Rbb8 Kg6 30. g4 R6a2+ 31. Kg3 Nd2 32.
Ne7+ Kf6 33. Ng8+ Kg6 34. Ne7+ $11) 18. Rhd1 a6 19. Be2 Nd7 20. Nf5 Nxc5 $2 (
20... Nc6 $142 $5) 21. Nd6 $18 h6 22. c4 Kh7 23. Nxc8 Rxc8 24. Bd2 b6 25. Be3
Nd7 26. Bxb6 Nxb6 27. Qxb6 Qxb6+ (27... Nxc4 28. Qxc7 Rxc7 29. Rbc1 $18) 28.
Rxb6 Nxc4 29. Rxa6 Nb2 30. Rd2 Rb8 31. Ra5 Bc4 32. Rc5 (32. Rxe5 $5 Bxe2 33.
Kxe2 Nc4 34. Red5 Nxd2 35. Rxd2 $18) 32... Bxe2 33. Kxe2 1-0